000 01023nam a22002295i 4500
001 160541
003 ES-MaACL
005 20250726220147.0
008 000406s1875 sp |||| | spa d
040 _aCAM
_bspa
_cCAM
100 1 _aNavarro, Calisto.
_9130413
245 1 0 _aMaría
_b: zarzuela en dos actos y en verso /
_coriginal de Calisto Navarro ; música de Tomás Bretón y Bernardino Valle.
260 _aMadrid :
_b[Administración lírico-dramática],
_c1875 (
_fImprenta de Pedro Abienzo)
300 _a63 p. ;
_c20 cm.
500 _aEn port.: Estrenada en Madrid en el Teatro Romea, la noche del 6 de octubre de 1875.
500 _aSolo la letra.
596 _aEd. tomado de la cub.
700 1 _aValle, Bernardino.
_9133515
700 1 _aBretón, Tomás,
_d1850-1923
_931633
852 _aES-MaACL
_jF-8578(7)
_z-- Enc. pasta española
_q-- Falto de la cub. original
_z-- Enc. en un vol. facticio formando parte de la col. facticia Teatro español moderno, vol. 31
999 _c160541
_d160541